01030pam a2200265 a 450000100060000000300080000600500170001400800410003102000170007203500190008904000320010804100110014008200270015110000260017824501020020426000370030630000410034350000330038450400640041765000620048165100480054394200120059199900170060395201440062027965BD-RjUL20211209051225.0140329s1990 nyuab b 001 0 eng d a0393027872 : a(BD-RjUL)28046 aDLCcDLCdDLCdBD-RjULbeng1 aengfre00a959.7043220bTOC 19901 aTodd, Olivier.98577510aCruel April :bthe fall of Saigon /cOlivier Todd ; translated from the French by Stephen Becker. aNew York :bW.W. Norton,cc1990. aviii, 470 p. :bill., maps ;c25 cm. aTranslation of: Cruel avril. aIncludes bibliographical references (p. 449-453) and index. 0aVietnam War, 1961-1975zVietnamzHo Chi Minh City.985776 0aHo Chi Minh City (Vietnam)xHistory.985777 2ddccBK c27965d27965 00102ddc40728NFICaRUCLbRUCLcReadingd1993-04-10eAsia Fundation Giftl0o959.7043 TOC 1990r2014-03-29 00:00:00tC-1w2014-03-29yBK